[Event "AUTO-BEG-155"]
[Site "http://www.queenalice.com/game.php?id=301356"]
[Date "2007.11.9"]
[Round "1"]
[White "Red1"]
[Black "tone123"]
[Result "0-1"]
[WhiteElo "1126"]
[BlackElo "1142"]

1. Nc3 e5 2. Nf3 Nc6 3. Nd5 Nf6 4. Nxf6+ Qxf6 5. e4 Nd4 6. Nxd4 exd4 7. d3 d6 8.
Bd2 Bd7 9. Be2 Qe6 10. c3 Be7 11. Bf3 Bc6 12. h3 Bb5 13. Bg4 Qf6 14. f3 h5 15.
Bf5 Qh4+ 16. g3 Qxg3+ 17. Ke2 dxc3 18. Bxc3 O-O 19. Rg1 Qf4 20. Rg4 Qh6 21. b4
g6 22. Bd7 Bxd7 23. Rf4 Qxf4 24. Rc1 Qh2+ 25. Ke3 Bg5+ 26. Kd4 b6 27. Be1 Rae8
28. Rxc7 Bf6+ 29. Ke3 Qg1+ 30. Kd2 Bg5+ 31. Ke2 Bb5 32. Bf2 Bxd3+ 33. Qxd3 Qc1
34. Qd2 Bxd2 35. Be3 Qe1+ 36. Kd3 Bxe3 37. Rc2 Bh6 38. Re2 Qxb4 39. Rc2 Rc8 40.
Rd2 Bxd2 41. h4 f5 42. exf5 gxf5 43. a3 Qb2 44. a4 Rfe8 45. f4 Be1 46. a5 Qd2#
0-1

[Event "AUTO-OPEN-898"]
[Site "http://www.queenalice.com/game.php?id=302217"]
[Date "2007.11.11"]
[Round "1"]
[White "Camaraujo"]
[Black "tone123"]
[Result "1-0"]
[WhiteElo "1991"]
[BlackElo "1100"]

1. d4 e6 2. c4 d6 3. Nc3 Nc6 4. Nf3 Nf6 5. e3 Ng4 6. Be2 e5 7. O-O exd4 8. exd4
Be7 9. d5 Nce5 10. Nd4 Nxc4 11. Bxg4 Bxg4 12. Qxg4 Nb6 13. Qxg7 Kd7 14. Qg4+ Ke8
15. Re1 Kf8 16. Nf5 Rg8 17. Bh6+ 1-0

[Event "AUTO-OPEN-898"]
[Site "http://www.queenalice.com/game.php?id=302218"]
[Date "2007.11.11"]
[Round "1"]
[White "tone123"]
[Black "Camaraujo"]
[Result "0-1"]
[WhiteElo "1100"]
[BlackElo "1985"]

1. e4 e5 2. Bc4 Nf6 3. d3 Bc5 4. Nh3 O-O 5. c3 c6 6. Ng5 d5 7. exd5 cxd5 8. Bb5
Qb6 9. c4 Bxf2+ 10. Kd2 a6 11. Nh3 Bxh3 12. gxh3 axb5 13. cxd5 Qe3+ 14. Kc2 Qc5+
15. Kd2 Nxd5 16. Rf1 Ne3 17. Qf3 Qc2# 0-1

[Event "AUTO-OPEN-898"]
[Site "http://www.queenalice.com/game.php?id=302243"]
[Date "2007.11.11"]
[Round "1"]
[White "diego2907"]
[Black "tone123"]
[Result "1-0"]
[WhiteElo "1620"]
[BlackElo "1222"]

1. e4 e5 2. Bc4 g6 3. Nf3 Nc6 4. Ng5 Qxg5 5. g3 Qd8 6. Qf3 Nh6 7. d3 Nd4 8. Qd1
d6 9. Bxh6 Bxh6 10. Nc3 a6 11. Ne2 Bd7 12. Nxd4 exd4 13. Qf3 Rf8 14. O-O f5 15.
Rae1 b5 16. exf5+ Be6 17. Bxe6 Rf6 18. Bd5+ Kf8 19. Bxa8 g5 20. Bc6 Rf7 21. Re8+
Qxe8 22. Bxe8 Kxe8 23. Re1+ Kd7 24. Qe4 Re7 25. Qg4 Rxe1+ 26. Kg2 c5 27. f6+ Ke8
28. Qh5+ Kd7 29. Qxh6 Rc1 30. f7 c4 31. f8=Q Rxc2 32. Qhxd6# 1-0

[Event "AUTO-OPEN-898"]
[Site "http://www.queenalice.com/game.php?id=302244"]
[Date "2007.11.11"]
[Round "1"]
[White "tone123"]
[Black "diego2907"]
[Result "1-0"]
[WhiteElo "1216"]
[BlackElo "1669"]

1. e4 e5 2. Nf3 d6 3. Nc3 Bg4 4. h3 Bh5 5. g4 Bg6 6. Be2 h6 7. d3 a6 8. Nd5 Nf6
9. c4 Nxd5 10. exd5 c6 11. Qa4 Be7 12. b3 O-O 13. h4 Nd7 14. g5 h5 15. Bb2 b5
16. cxb5 axb5 17. Qb4 Nc5 18. Qd2 cxd5 19. d4 exd4 20. Bxd4 Be4 21. Qc3 Re8 22.
Bxb5 Bxf3 23. Qxf3 Qa5+ 24. Bc3 Qxb5 25. O-O-O Rxa2 26. Qxf7+ Kh7 27. Qxg7# 1-0

[Event "AUTO-OPEN-898"]
[Site "http://www.queenalice.com/game.php?id=302259"]
[Date "2007.11.11"]
[Round "1"]
[White "ribeiroBR"]
[Black "tone123"]
[Result "1-0"]
[WhiteElo "1613"]
[BlackElo "1192"]

1. e4 e5 2. Nf3 Nc6 3. Bc4 d6 4. Nc3 Nf6 5. d3 Bd7 6. Nd5 Nxd5 7. Bxd5 g6 8. Ng5
Be7 9. Nxf7 Qc8 10. Nxh8 Nd4 11. Bf7+ Kd8 12. Bxg6 Bg4 13. Nf7+ Ke8 14. Nxd6+
Kf8 15. Bh6+ Kg8 16. Bf7+ Kh8 17. Nxc8 Bxd1 18. Kxd1 Rxc8 19. c3 Nc6 20. g3 Nd8
21. Bb3 Nc6 22. f4 Na5 23. fxe5 Rd8 24. d4 a6 25. Ke2 Nc6 26. Raf1 a5 27. a4 Nb8
28. Rf7 Nc6 29. h4 Kg8 30. Rf8# 1-0

[Event "AUTO-OPEN-898"]
[Site "http://www.queenalice.com/game.php?id=302260"]
[Date "2007.11.11"]
[Round "1"]
[White "tone123"]
[Black "ribeiroBR"]
[Result "0-1"]
[WhiteElo "1216"]
[BlackElo "1701"]

1. e4 c5 2. Nc3 e6 3. d3 Nc6 4. Nf3 d6 5. b3 Nd4 6. Nd2 Nf6 7. Nf3 Be7 8. a3 O-O
9. b4 e5 10. bxc5 dxc5 11. Nxe5 Bd6 12. Nc4 Re8 13. Be2 Nxe2 14. Qxe2 Bg4 15. f3
Bh5 16. g4 Bg6 17. Nb5 Be7 18. g5 Nh5 19. f4 f6 20. f5 Bf7 21. gxf6 Bxf6 22. Rg1
Bxa1 23. Ncd6 Bc3+ 24. Bd2 Bxd2+ 25. Qxd2 Re7 26. f6 Nxf6 27. h4 a6 28. Nxf7
Rxf7 29. Nc3 Qd7 30. Qg5 b6 31. e5 Re8 32. Kd2 Nd5 33. Ne4 Re6 34. c4 Rg6 35. e6
Rxe6 36. Qxd5 Qxd5 37. cxd5 Rh6 38. Ng5 Rxh4 39. Nxf7 Kxf7 40. d6 Rd4 41. Rf1+
Kg8 42. Re1 Rxd6 43. Re8+ Kf7 44. Ra8 a5 45. Ra7+ Kf6 46. Ra8 h5 47. Rf8+ Kg5
48. Rf2 g6 49. Ke3 h4 50. Rg2+ Kh5 51. Rb2 g5 52. Ke4 h3 53. Ke5 Rg6 54. Kf5 g4
55. Rd2 g3 56. d4 cxd4 57. Rxd4 h2 58. Rd8 h1=Q 59. Rh8+ Rh6 0-1

[Event "AUTO-OPEN-899"]
[Site "http://www.queenalice.com/game.php?id=302691"]
[Date "2007.11.12"]
[Round "1"]
[White "Cinderella"]
[Black "tone123"]
[Result "1-0"]
[WhiteElo "2067"]
[BlackElo "1190"]

1. d4 e6 2. e4 Nf6 3. e5 Nd5 4. Nf3 b6 5. Be2 Be7 6. c4 Nb4 7. a3 N4c6 8. d5
exd5 9. cxd5 Na5 10. O-O d6 11. b4 Nb7 12. Bb5+ Bd7 13. Bxd7+ Nxd7 14. e6 fxe6
15. Nd4 Bf6 16. dxe6 Nb8 17. Qh5+ g6 18. Qd5 c6 19. Nxc6 Nxc6 20. Qxc6+ Ke7 21.
Qxb7+ Ke8 22. Qf7# 1-0

[Event "AUTO-OPEN-899"]
[Site "http://www.queenalice.com/game.php?id=302692"]
[Date "2007.11.12"]
[Round "1"]
[White "tone123"]
[Black "Cinderella"]
[Result "0-1"]
[WhiteElo "1192"]
[BlackElo "2070"]

1. e4 c5 2. d3 Nc6 3. Be2 g6 4. b3 Bg7 5. c3 Nf6 6. Ba3 d5 7. e5 Nxe5 8. Bxc5
Qc7 9. Ba3 O-O 10. d4 Nc6 11. Nf3 Re8 12. Nbd2 e5 13. O-O e4 14. c4 exf3 15.
Bxf3 Nxd4 16. Re1 Rxe1+ 17. Qxe1 Nc2 18. Qc1 Nxa1 19. Bxd5 Nxd5 20. Qe1 Nf6 21.
Qxa1 Ng4 22. Qc1 Qxh2+ 23. Kf1 Bf5 24. Nf3 Bd3+ 25. Ke1 Re8+ 26. Kd2 Qf4+ 27.
Kd1 Nxf2# 0-1

[Event "AUTO-OPEN-899"]
[Site "http://www.queenalice.com/game.php?id=302715"]
[Date "2007.11.12"]
[Round "1"]
[White "Renatogr90"]
[Black "tone123"]
[Result "0-1"]
[WhiteElo "1620"]
[BlackElo "1192"]

1. e4 Nf6 2. e5 Ne4 3. Bd3 Nc5 4. Qf3 Nc6 5. Nc3 Nxe5 6. Qd5 d6 7. Nf3 Be6 8.
Qe4 Nxe4 9. Nxe4 Nxf3+ 10. gxf3 Bd7 11. Ng5 e5 12. h4 Bc6 13. Bc4 d5 14. Bd3 e4
15. fxe4 dxe4 16. Bc4 e3 17. dxe3 Bxh1 18. Nxf7 Ke7 19. Nxd8 Rxd8 20. Bd2 h6 21.
O-O-O Be4 22. Bb4+ Ke8 23. Bxf8 Rxf8 24. Rxd8+ Kxd8 25. Bd3 Bxd3 26. cxd3 Rxf2
27. a4 Rh2 28. b4 Rxh4 29. d4 Rg4 30. Kd2 h5 31. a5 h4 32. Kd3 h3 33. e4 h2 34.
e5 h1=Q 35. Kc4 Qh6 36. b5 g5 37. Kc5 Rh4 38. d5 g4 39. d6 cxd6+ 40. exd6 g3 41.
a6 bxa6 42. bxa6 g2 43. Kc6 Qh7 44. d7 Qxd7+ 45. Kc5 g1=Q# 0-1

[Event "AUTO-OPEN-899"]
[Site "http://www.queenalice.com/game.php?id=302716"]
[Date "2007.11.12"]
[Round "1"]
[White "tone123"]
[Black "Renatogr90"]
[Result "0-1"]
[WhiteElo "1100"]
[BlackElo "1652"]

1. e4 e5 2. Nf3 Nc6 3. d3 Bc5 4. d4 exd4 5. Bd2 d5 6. exd5 Qe7+ 7. Qe2 Qxe2+ 8.
Bxe2 Nb4 9. Nxd4 Bxd4 10. Bxb4 Bxb2 11. Bb5+ Bd7 12. Na3 Bxa1 13. c3 Bb2 14. Nc4
Bxc3+ 15. Kd1 Bxb4 16. d6 Bxb5 0-1

[Event "AUTO-OPEN-899"]
[Site "http://www.queenalice.com/game.php?id=302731"]
[Date "2007.11.12"]
[Round "1"]
[White "tone123"]
[Black "Peaonegro"]
[Result "1-0"]
[WhiteElo "1292"]
[BlackElo "1412"]

1. e4 e5 2. Nc3 Nf6 3. Be2 d6 4. Nd5 Nxd5 5. exd5 h6 6. b3 Be7 7. Nf3 a6 8. Bb2
Bd7 9. h3 b6 10. d4 Bf5 11. g4 Bd7 12. dxe5 O-O 13. e6 fxe6 14. dxe6 Bxe6 15.
Nd4 Bd5 16. c4 Bxh1 17. f3 Bg2 18. Ne6 Qd7 19. Nxg7 Bh4+ 20. Kd2 Bg5+ 21. Kc2
Nc6 22. c5 bxc5 23. Bc4+ Rf7 24. Nf5 Nb4+ 25. Kb1 Re8 26. a3 Bxf3 27. axb4 Bxd1
28. h4 Bf4 29. Rxa6 Re1 30. bxc5 Bxb3+ 31. Bc1 Rxc1+ 32. Kb2 Bxc4 33. Ra4 Qb5+
34. Ka3 1-0

[Event "AUTO-OPEN-899"]
[Site "http://www.queenalice.com/game.php?id=302732"]
[Date "2007.11.12"]
[Round "1"]
[White "Peaonegro"]
[Black "tone123"]
[Result "0-1"]
[WhiteElo "1435"]
[BlackElo "1269"]

1. e4 e5 2. d3 b6 3. h3 Ba6 4. a3 Nf6 5. Nc3 b5 6. Nf3 Nc6 7. Be3 Qe7 8. d4 exd4
9. Nxd4 Nxe4 10. Nxc6 dxc6 11. Bd3 Nd6 12. O-O g6 13. Qd2 Bg7 14. Rfe1 O-O 15.
Bxa7 Rxa7 16. Rxe7 c5 17. Rae1 Raa8 18. Rxc7 c4 19. Bf1 Rfd8 20. Qd5 Rab8 21.
Ree7 Bb7 22. Rxb7 Rxb7 23. Rxb7 Nxb7 24. Qxb7 Bf6 25. Qxb5 h5 26. Qb6 Bxc3 27.
bxc3 Rd2 28. Bxc4 Rxc2 29. Qf6 Kh7 30. Qxf7+ Kh6 31. Qf4+ Kg7 32. Qf7+ Kh6 33.
Qf4+ Kg7 34. Qd4+ Kh6 0-1

[Event "AUTO-BEG-156"]
[Site "http://www.queenalice.com/game.php?id=302957"]
[Date "2007.11.13"]
[Round "1"]
[White "Red1"]
[Black "tone123"]
[Result "0-1"]
[WhiteElo "1089"]
[BlackElo "1115"]

1. Nc3 e5 2. Nf3 Nc6 3. e4 d6 4. Nb5 Nf6 5. c4 Nxe4 6. d3 a6 7. Nc3 Nxc3 8. Qc2
Nxa2 9. Rxa2 Be6 10. Ng5 Nd4 11. Qc3 Bd7 12. Be3 Be7 13. Ne4 Ne6 14. Bd2 b5 15.
Be2 Qb8 16. Ng5 Nxg5 17. Bxg5 Bxg5 18. g3 Bc6 19. h4 Bf6 20. Bg4 Bxh1 21. f3 Qb7
22. Kf2 e4 23. Kg1 Bxc3 24. bxc3 bxc4 25. dxc4 Qb1+ 26. Kh2 Qxa2+ 27. Kxh1 Rb8
28. Kg1 Rb1# 0-1

[Event "AUTO-BEG-156"]
[Site "http://www.queenalice.com/game.php?id=302958"]
[Date "2007.11.13"]
[Round "1"]
[White "tone123"]
[Black "Red1"]
[Result "1-0"]
[WhiteElo "1167"]
[BlackElo "1126"]

1. e4 Nf6 2. Nc3 Nc6 3. Nf3 e5 4. Ng5 Nd4 5. Bc4 Be7 6. Bxf7+ Kf8 7. Bc4 Rg8 8.
Nf7 Qe8 9. Nxe5 d6 10. Nd3 Nxe4 11. Nxe4 Nf5 12. Ne5 dxe5 13. d4 Nxd4 14. Be3 a6
15. c3 Nf5 16. Qb3 Nxe3 17. fxe3 Bd7 18. Rf1+ Bf6 19. Ke2 Bg4+ 20. Kd2 Qd8+ 21.
Kc2 Qd7 22. Rad1 Qc6 23. Bd5 Qb6 24. Qxb6 cxb6 25. Bxg8 Kxg8 26. Rd6 Be7 27. Rd2
Bf5 28. Rxf5 Bf6 29. g4 h6 30. Rd7 Rf8 31. Rxb7 Bg5 32. Rxb6 Bxe3 33. Rxf8+ Kxf8
34. Rb8+ Kf7 35. h3 1-0

[Event "AUTO-BEG-156"]
[Site "http://www.queenalice.com/game.php?id=302971"]
[Date "2007.11.13"]
[Round "1"]
[White "tone123"]
[Black "Dani"]
[Result "1-0"]
[WhiteElo "1252"]
[BlackElo "1265"]

1. e4 e5 2. d3 b6 3. Nf3 Nf6 4. Nxe5 Bd6 5. Nc4 Ba6 6. e5 Bxe5 7. Nxe5 Rf8 8.
Bg5 d6 9. Nf3 h6 10. Bf4 Kd7 11. Nd4 Re8+ 12. Be2 g5 13. Bd2 Nd5 14. Nc3 Re5 15.
Nf3 Rf5 16. Nd4 Re5 17. O-O c5 18. Nb3 b5 19. Bg4+ f5 20. Bf3 Nxc3 21. Bxc3 Nc6
22. a4 bxa4 23. Nd2 g4 24. Be2 Rd5 25. Rxa4 Rb8 26. Rxa6 Rb7 27. f3 gxf3 28.
Bxf3 Re5 29. Bxc6+ Kc7 30. Nc4 Re3 31. Nxe3 f4 32. Rxf4 Qg5 33. Qg4 Qe7 34. Nd5+
Kb8 35. Nxe7 Rxe7 36. Rf8+ Kc7 37. Ba5# 1-0

[Event "AUTO-BEG-156"]
[Site "http://www.queenalice.com/game.php?id=302972"]
[Date "2007.11.13"]
[Round "1"]
[White "Dani"]
[Black "tone123"]
[Result "0-1"]
[WhiteElo "1296"]
[BlackElo "1214"]

1. e4 e5 2. d3 d6 3. Nf3 Nc6 4. g3 Nf6 5. b3 Ng4 6. Rg1 Be7 7. Bh3 Nf6 8. g4 d5
9. exd5 Nxd5 10. Bd2 Qd6 11. g5 Bxh3 12. a4 Qc5 13. Rg3 Be6 14. a5 a6 15. Na3
Nf4 16. b4 Qd6 17. h3 Nxh3 18. b5 axb5 19. Nxb5 Qd8 20. Nh4 Nd4 21. Nxd4 Qxd4
22. Nf3 Qxf2# 0-1

[Event "AUTO-BEG-156"]
[Site "http://www.queenalice.com/game.php?id=302973"]
[Date "2007.11.13"]
[Round "1"]
[White "tone123"]
[Black "junelorena"]
[Result "0-1"]
[WhiteElo "1100"]
[BlackElo "1296"]

1. e4 c6 2. d4 d5 3. exd5 cxd5 4. c3 Nf6 5. b3 e6 6. g3 Bd6 7. Qe2 Nc6 8. Nf3
O-O 9. Ng5 Qc7 10. Bh3 e5 11. Na3 Bxh3 12. Nb5 Qd7 13. Nxd6 Qxd6 14. Nxh3 exd4
15. O-O dxc3 16. Bf4 Qd7 17. Ng5 Nd4 18. Qd3 Nb5 19. Qxh7+ Nxh7 20. Nxh7 Kxh7
21. a4 Nd4 0-1

[Event "AUTO-BEG-156"]
[Site "http://www.queenalice.com/game.php?id=302974"]
[Date "2007.11.13"]
[Round "1"]
[White "junelorena"]
[Black "tone123"]
[Result "1-0"]
[WhiteElo "1339"]
[BlackElo "1190"]

1. Nf3 d5 2. g3 e6 3. Bg2 Nf6 4. d3 b6 5. O-O Nc6 6. Nc3 Bb7 7. Bf4 Nh5 8. Qd2
Bc5 9. d4 Bb4 10. a3 Be7 11. Nb5 a6 12. Nxc7+ Kf8 13. Nxa8 Bxa8 14. Ne5 Nxe5 15.
Bxe5 f6 16. Bf4 g5 17. Be3 h6 18. f4 g4 19. f5 exf5 20. Rxf5 Ng7 21. Bxh6 Rg8
22. Qf4 Ke8 23. Bxg7 Rxg7 24. Qh6 Bf8 25. Rxf6 Be7 26. Re6 Rf7 27. Rxb6 Bf6 28.
Rxa6 Bxd4+ 29. Kh1 Bb7 30. Ra4 Bxb2 31. Rb1 Bg7 32. Qd2 Bc6 33. Ra6 Bd7 34. Bxd5
Rf5 35. Ra8 Rxd5 36. Qxd5 Qxa8 37. Qxa8+ Ke7 38. Rb7 Ke6 39. Rxd7 Kxd7 40. Qb7+
Kd6 41. Qxg7 Kd5 42. Qxg4 Ke5 43. a4 Kd6 44. h4 Kd5 45. h5 Ke5 46. h6 Kf6 47. h7
Kf7 48. h8=Q Ke7 49. Qg6 Kd7 50. Qhh7+ Kd8 51. Qgg8# 1-0

[Event "Let's Play Chess!"]
[Site "http://www.queenalice.com/game.php?id=310411"]
[Date "2007.11.27"]
[Round "-"]
[White "dida"]
[Black "tone123"]
[Result "0-1"]
[WhiteElo "1402"]
[BlackElo "1192"]

1. e4 e5 2. a3 Nf6 3. f3 d6 4. Nc3 Nc6 5. d3 Be6 6. Bg5 Be7 7. Nd5 Nxd5 8. exd5
Bxd5 9. h4 h6 10. Be3 Bxh4+ 11. Bf2 Bf6 12. Qe2 Nd4 13. Bxd4 c5 14. Bf2 Bg5 15.
Bh4 Bxh4+ 16. Kd1 Bg5 17. g4 Qa5 18. Nh3 Bf6 19. Bg2 Be7 20. g5 hxg5 21. Nxg5
Rxh1+ 22. Bxh1 Bxg5 23. Bg2 Rc8 24. Bh3 Rd8 25. Bf5 Bxf3 26. Qxf3 Qd2# 0-1

[Event "Let's Play Chess!"]
[Site "http://www.queenalice.com/game.php?id=311050"]
[Date "2007.11.28"]
[Round "-"]
[White "junelorena"]
[Black "tone123"]
[Result "1-0"]
[WhiteElo "1696"]
[BlackElo "1313"]

1. c4 e5 2. Nc3 Nc6 3. e3 Nf6 4. Bd3 d6 5. b3 Be7 6. Bb2 O-O 7. Nge2 Be6 8. Qc2
e4 9. Nxe4 g6 10. Rb1 d5 11. Nxf6+ Bxf6 12. Nf4 Bg4 13. f3 Bd7 14. Nxd5 Re8 15.
g4 Ne5 16. Nxf6+ Qxf6 17. f4 Qh4+ 18. Kd1 Bxg4+ 19. Be2 Bf5 20. e4 Bxe4 21. Qc3
Bxh1 22. fxe5 Re6 23. Rc1 Rd8 24. d3 Qxh2 25. Bg4 Qg1+ 26. Kc2 Qxg4 27. Rd1 Bf3
28. Re1 Qg2+ 29. Kb1 Rde8 30. a4 h5 31. d4 h4 32. d5 h3 33. dxe6 Rxe6 34. Qc1
Be4+ 35. Ka1 Bf5 36. Rg1 Qf3 37. Ka2 Rb6 38. Bc3 Be4 39. Kb2 Qf2+ 40. Ka3 Qc5+
41. Kb2 Qf2+ 42. Ka3 h2 43. Rf1 Qc5+ 44. Kb2 h1=Q 45. Rxh1 Bxh1 46. Qxh1 Qf2+
47. Ka3 g5 48. e6 fxe6 49. Qh8+ Kf7 50. Bd4 Qf1 51. Bxb6 axb6 52. Qh7+ Kf6 53.
Qxc7 Qa1+ 54. Kb4 g4 55. Qxb7 Qe1+ 56. Kb5 Qe5+ 57. Kxb6 Qg5 58. a5 g3 59. Qg2
Qe3+ 60. Kc6 Qf2 61. Qxf2+ gxf2 62. a6 f1=Q 63. a7 Qg2+ 64. Kb6 Qf2+ 65. c5 e5
66. Kb7 Qa2 67. a8=Q Qxb3+ 68. Kc7 1-0

[Event "Let's Play Chess!"]
[Site "http://www.queenalice.com/game.php?id=311165"]
[Date "2007.11.28"]
[Round "-"]
[White "tone123"]
[Black "spawnwolfwolverine"]
[Result "0-1"]
[WhiteElo "1218"]
[BlackElo "1703"]

1. d4 d5 2. Nc3 e6 3. Nh3 Bb4 4. Bd2 Nf6 5. e3 O-O 6. Bd3 Nc6 7. a3 Bxc3 8. Bxc3
a6 9. Ng5 b5 10. e4 dxe4 11. Nxe4 Nxe4 12. Bxe4 Bb7 13. Qd3 g6 14. h4 Rb8 15. d5
exd5 16. Bxd5 Ne7 17. Bxf7+ Rxf7 18. h5 Qxd3 19. cxd3 Bxg2 20. Rg1 Bd5 21. Be5
Re8 22. Kd2 Nf5 23. hxg6 hxg6 24. Rxg6+ Kh7 25. Rg4 Rxe5 26. d4 Re4 27. f4 Rg7
28. Rh1+ Kg8 29. Rg5 Rxg5 30. fxg5 Rg4 0-1

[Event "Let's Play Chess!"]
[Site "http://www.queenalice.com/game.php?id=311336"]
[Date "2007.11.28"]
[Round "-"]
[White "spawnwolfwolverine"]
[Black "tone123"]
[Result "1-0"]
[WhiteElo "1738"]
[BlackElo "1220"]

1. c4 e6 2. d3 c6 3. e4 Bb4+ 4. Bd2 Qa5 5. Nf3 Nf6 6. Be2 d5 7. O-O c5 8. a3
Bxd2 9. Qxd2 Qc7 10. b4 cxb4 11. axb4 O-O 12. cxd5 exd5 13. exd5 Nxd5 14. Ra5
Nf4 15. Nc3 Nc6 16. Rc5 Re8 17. Re1 b6 18. Rg5 Nxb4 19. Ne4 a5 20. g3 h6 21.
Nf6+ Kf8 22. Nxe8 Kxe8 23. Rxg7 Nh3+ 24. Kg2 Nc6 25. Nh4 a4 26. Bg4+ Kf8 27.
Qxh6 Ne7 28. Qh8+ Ng8 29. Qxg8# 1-0